000
00323nam a2200121Ia 4500
008
220803s9999 xx 000 0 und d
041
_a
eng
082
_a
823MUJ
100
_a
Mujumdar S
_9
29763
245
_a
New And New Faces Friends
260
_b
"Symbiosis Centre For International Education, Pune"
_c
2014
300
_a
230p
999
_c
18620
_d
18620